000 00603nam a2200217Ia 4500
005 20241129120109.0
008 241129s9999||||xx |||||||||||||| ||und||
020 _a9781630818784
037 _aTB
040 _aSDCL
_beng
_cSDCL
041 _aeng
_2eng
084 _aD65,4:92, R2
_qSDCL
100 _aKedar Ashutosh
_9729127
245 0 _aSparse phased arrey antennas: Theory and applications
260 _aBoston
_bArtech House
_c2022
300 _axiii,296p.+VP
365 _aGBP
_b147
650 _aElectronic Science
942 _cTB
_hD65,4:92, R2
999 _c1233328
_d1233328